| 000 | 00706nam0a22002411 4500 | ||
|---|---|---|---|
| 001 | rc\565244 | ||
| 005 | 20250621133121.0 | ||
| 035 | _a(NLR Aleph) 005800096 | ||
| 090 |
_a5287604 _c5287604 |
||
| 100 | _a20030616d1987 |||y0rusy50 ca | ||
| 101 | 0 | _arus | |
| 102 | _aRU | ||
| 105 | _ay ||||||||| | ||
| 200 | 1 | _aБаптизм в прошлом и настоящем | |
| 210 |
_aМинск _cБеларусь _d1987 |
||
| 215 |
_a61, [1] с. _d20 |
||
| 320 | _aБиблиогр. в примеч.: с. 61 | ||
| 700 | 1 |
_aНадольский _bР.В. _gРодислав Васильевич |
|
| 801 | 0 |
_aRU _bNLR _gpsbo |
|
| 801 | 1 |
_aRU _bELAR _2rusmarc |
|
| 852 |
_aNLR _j87-4/22546 |
||
| 942 | _cBOOK | ||
| 980 | _aNB | ||